[Event "SVK-chT 2324"]
[Site "Slovakia"]
[Date "2024.01.20"]
[Round "5.1"]
[White "Karacsonyi, Gellert"]
[Black "Mazur, Stefan"]
[Result "0-1"]
[WhiteElo "2398"]
[BlackElo "2451"]
[PlyCount "118"]
[EventDate "2023.11.04"]
[EventType "team-tourn"]
[EventRounds "11"]
[EventCountry "SVK"]
[SourceTitle "CB04_2024"]
[SourceDate "2023.10.16"]
[SourceVersion "1"]
[SourceVersionDate "2023.10.16"]
[SourceQuality "1"]
[WhiteTeam "Komarno"]
[BlackTeam "Liptov Chess School"]
[WhiteTeamCountry "SVK"]
[BlackTeamCountry "SVK"]

1. d4 Nf6 2. Bf4 b6 3. Nf3 Bb7 4. e3 Nh5 5. Bg5 h6 6. Bh4 g5 7. Bg3 Nf6 8. Ne5 d6 9. Nd3 Bg7 10. h4 Ne4 11. Bh2 Nd7 12. Nd2 Nxd2 13. Qxd2 gxh4 14. 0-0-0 e6 15. Bg1 Qe7 16. f3 0-0-0 17. Bf2 Bf6 18. Nf4 h5 19. Qe1 e5 20. Ne2 Nf8 21. Bxh4 Ng6 22. Bxf6 Qxf6 23. Nc3 h4 24. d5 Qg5 25. Ne4 Qe7 26. Bb5 f5 27. Nc3 Qg5 28. Qe2 Ne7 29. Ba6 Rdg8 30. Bxb7+ Kxb7 31. Rh2 e4 32. Rdh1 exf3 33. Qxf3 Ng6 34. Ne2 Re8 35. Rh3 Re4 36. Rf1 Rhe8 37. Qxf5 Qxg2 38. Rf2 Ne7 39. Rxg2 Nxf5 40. Rg5 Nxe3 41. Nc3 Rf4 42. Rg1 Re5 43. Re1 Nf5 44. Reh1 Rf2 45. a4 Ne3 46. Rxh4 Rxc2+ 47. Kb1 Rg2 48. Rd4 Rgg5 49. Rh7 Nxd5 50. Nb5 Re7 51. Rh1 a6 52. Na3 Ne3 53. Rd3 Rg4 54. a5 b5 55. Re1 Rge4 56. Rc1 R7e5 57. Ka2 b4 58. Rxe3 Rxe3 59. Nc4 Rc5 0-1

[Event "SVK-chT 2324"]
[Site "Slovakia"]
[Date "2023.12.09"]
[Round "3.2"]
[White "Hrbek, Stepan"]
[Black "Mazur, Stefan"]
[Result "1-0"]
[WhiteElo "2415"]
[BlackElo "2451"]
[PlyCount "71"]
[EventDate "2023.11.04"]
[EventType "team-tourn"]
[EventRounds "11"]
[EventCountry "SVK"]
[SourceTitle "CB04_2024"]
[SourceDate "2023.10.16"]
[SourceVersion "1"]
[SourceVersionDate "2023.10.16"]
[SourceQuality "1"]
[WhiteTeam "Osuske"]
[BlackTeam "Liptov Chess School"]
[WhiteTeamCountry "SVK"]
[BlackTeamCountry "SVK"]

1. d4 d5 2. c4 e6 3. Nf3 c6 4. Nc3 dxc4 5. a4 Bb4 6. e3 b5 7. Bd2 a5 8. axb5 Bxc3 9. Bxc3 cxb5 10. b3 Bb7 11. bxc4 b4 12. Bb2 Nf6 13. Bd3 0-0 14. 0-0 Nbd7 15. Nd2 Nc5 16. Bc2 Nce4 17. f3 Nxd2 18. Qxd2 Qc7 19. Rfc1 Rfd8 20. Qf2 Nd7 21. d5 e5 22. Qg3 Re8 23. Ba4 Nc5 24. Bxe8 Rxe8 25. f4 f6 26. fxe5 fxe5 27. d6 Qxd6 28. Rxa5 Ne4 29. Qe1 Rf8 30. Rxe5 Rf2 31. Re8+ Rf8 32. c5 Qc6 33. Rxf8+ Kxf8 34. Qxb4 h5 35. Qd4 Nf6 36. Qd6+ 1-0

[Event "Bratislava exe op"]
[Site "Bratislava"]
[Date "2023.09.16"]
[Round "2"]
[White "Mazur, Stefan"]
[Black "Manukonda, Arun"]
[Result "1-0"]
[WhiteElo "2467"]
[BlackElo "2070"]
[PlyCount "73"]
[EventDate "2023.09.15"]
[EventType "swiss"]
[EventRounds "9"]
[EventCountry "SVK"]
[SourceTitle "EXT 2024"]
[Source "ChessBase"]
[SourceDate "2023.10.10"]
[SourceVersion "1"]
[SourceVersionDate "2023.10.10"]
[SourceQuality "1"]

1. e4 c5 2. Nf3 d6 3. d4 cxd4 4. Nxd4 Nf6 5. Nc3 a6 6. Rg1 e6 7. g4 h6 8. h4 d5 9. exd5 Nxd5 10. Nxd5 Qxd5 11. Bg2 Qc4 12. c3 Be7 13. g5 hxg5 14. hxg5 Nd7 15. g6 f6 16. Be3 Ne5 17. Bf1 Qd5 18. Qe2 Rh1 19. Rxh1 Qxh1 20. 0-0-0 Qe4 21. Bh3 f5 22. f3 Qh4 23. Bd2 Qf6 24. Re1 Nxg6 25. Nxe6 Kf7 26. Nc7 Rb8 27. Qc4+ Kf8 28. Nd5 Qc6 29. Qd3 Be6 30. Nxe7 Nxe7 31. Bf4 Re8 32. Bd6 Kf7 33. Bxe7 Rxe7 34. Bxf5 Rd7 35. Rxe6 Rxd3 36. Rxc6 Rxf3 37. Bg6+ 1-0

[Event "Bamberg op-A 5th"]
[Site "Bamberg"]
[Date "2023.07.29"]
[Round "6"]
[White "Bournel, Antoine"]
[Black "Mazur, Stefan"]
[Result "1/2-1/2"]
[WhiteElo "2358"]
[BlackElo "2467"]
[PlyCount "27"]
[EventDate "2023.07.26"]
[EventType "swiss"]
[EventRounds "7"]
[EventCountry "GER"]
[SourceTitle "CBM 215 Extra"]
[Source "ChessBase"]
[SourceDate "2023.09.30"]
[SourceVersion "1"]
[SourceVersionDate "2023.09.30"]
[SourceQuality "1"]

1. d4 g6 2. c4 Bg7 3. e4 d6 4. Nc3 e5 5. Nf3 Nc6 6. dxe5 Nxe5 7. Nxe5 dxe5 8. Qxd8+ Kxd8 9. Bg5+ f6 10. 0-0-0+ Bd7 11. Be3 Bh6 12. Be2 Bxe3+ 13. fxe3 c6 14. Bg4 1/2-1/2

[Event "SVK-ch"]
[Site "Bratislava"]
[Date "2023.07.07"]
[Round "7"]
[White "Pacher, Milan"]
[Black "Mazur, Stefan"]
[Result "0-1"]
[WhiteElo "2382"]
[BlackElo "2465"]
[PlyCount "48"]
[EventDate "2023.07.01"]
[EventType "tourn"]
[EventRounds "9"]
[EventCountry "SVK"]
[EventCategory "9"]
[SourceTitle "CBM 215 Extra"]
[Source "ChessBase"]
[SourceDate "2023.09.30"]
[SourceVersion "1"]
[SourceVersionDate "2023.09.30"]
[SourceQuality "1"]

1. e4 e5 2. Nf3 Nc6 3. Bb5 a6 4. Ba4 g6 5. c3 Bg7 6. d4 exd4 7. cxd4 b5 8. Bb3 Nge7 9. Nc3 d6 10. 0-0 0-0 11. Re1 Bg4 12. Be3 Bxf3 13. gxf3 Na5 14. Rc1 Kh8 15. d5 Nxb3 16. axb3 Qd7 17. Bd4 f6 18. Ne2 c5 19. Bc3 b4 20. Bd2 f5 21. Nf4 fxe4 22. fxe4 Rf6 23. Ne6 Rxe6 24. Qg4 Nxd5 0-1

[Event "SVK-ch"]
[Site "Bratislava"]
[Date "2023.07.02"]
[Round "2"]
[White "Druska, Juraj"]
[Black "Mazur, Stefan"]
[Result "1/2-1/2"]
[WhiteElo "2473"]
[BlackElo "2465"]
[PlyCount "81"]
[EventDate "2023.07.01"]
[EventType "tourn"]
[EventRounds "9"]
[EventCountry "SVK"]
[EventCategory "9"]
[SourceTitle "CBM 215 Extra"]
[Source "ChessBase"]
[SourceDate "2023.09.30"]
[SourceVersion "1"]
[SourceVersionDate "2023.09.30"]
[SourceQuality "1"]

1. d4 g6 2. c4 Bg7 3. Nc3 d6 4. e4 Nf6 5. h3 0-0 6. Be3 c6 7. Nf3 a6 8. Bd3 Nbd7 9. e5 Ne8 10. e6 fxe6 11. h4 e5 12. dxe5 Nxe5 13. Nxe5 Bxe5 14. h5 Bf5 15. hxg6 hxg6 16. g4 Bxc3+ 17. bxc3 Bxd3 18. Qxd3 Rf6 19. 0-0-0 Qa5 20. Bd4 e5 21. Qh3 Kf8 22. Qh8+ Ke7 23. Rh7+ Rf7 24. Rdh1 Ng7 25. Qxa8 exd4 26. Qxb7+ Kf6 27. Qb4 Qg5+ 28. Kb1 c5 29. Qb8 Qe5 30. Qd8+ Re7 31. Rxg7 Qe4+ 32. Kb2 Qb7+ 33. Ka3 Kxg7 34. Rh8 Qf3 35. Rg8+ Kh7 36. Rh8+ Kg7 37. Qg8+ Kf6 38. Qf8+ Rf7 39. Qd8+ Kg7 40. Rg8+ Kh7 41. Rh8+ 1/2-1/2

[Event "SVK-ch"]
[Site "Bratislava"]
[Date "2023.07.01"]
[Round "1"]
[White "Mazur, Stefan"]
[Black "Sahidi, Samir"]
[Result "1-0"]
[WhiteElo "2465"]
[BlackElo "2505"]
[PlyCount "79"]
[EventDate "2023.07.01"]
[EventType "tourn"]
[EventRounds "9"]
[EventCountry "SVK"]
[EventCategory "9"]
[SourceTitle "CBM 215 Extra"]
[Source "ChessBase"]
[SourceDate "2023.09.30"]
[SourceVersion "1"]
[SourceVersionDate "2023.09.30"]
[SourceQuality "1"]

1. e4 c6 2. d4 d5 3. Nd2 g6 4. Ngf3 Bg7 5. c3 Nd7 6. exd5 cxd5 7. Bd3 Ngf6 8. 0-0 0-0 9. Re1 e6 10. Nf1 Qc7 11. Bg5 b6 12. Qd2 Bb7 13. Ng3 Bc6 14. Bf4 Qb7 15. Bh6 Rad8 16. Qf4 b5 17. Ne5 Bxh6 18. Qxh6 Nxe5 19. dxe5 Ne4 20. Bxe4 dxe4 21. Re3 Rd3 22. Rae1 Rfd8 23. h4 Rxe3 24. Rxe3 Qc7 25. Qg5 h6 26. Qf6 Rd5 27. Nxe4 Rxe5 28. Qf4 Bxe4 29. Rxe4 Rc5 30. Qxh6 Rd5 31. Qf4 Qc5 32. a4 Rf5 33. Qe3 Qc7 34. Rd4 Kh7 35. axb5 Rxb5 36. Qd2 Rb7 37. h5 gxh5 38. Qg5 Rxb2 39. Qxh5+ Kg7 40. Qg5+ 1-0

[Event "AUT-chT2O 2223"]
[Site "Austria"]
[Date "2023.02.19"]
[Round "9"]
[White "Sadilek, Peter"]
[Black "Mazur, Stefan"]
[Result "0-1"]
[WhiteElo "2327"]
[BlackElo "2414"]
[PlyCount "52"]
[EventDate "2022.10.15"]
[EventType "team-tourn"]
[EventRounds "11"]
[EventCountry "AUT"]
[SourceTitle "CBM 213 Extra"]
[Source "ChessBase"]
[SourceDate "2023.05.31"]
[SourceVersion "1"]
[SourceVersionDate "2023.05.31"]
[SourceQuality "1"]
[WhiteTeam "Tschaturanga"]
[BlackTeam "Wien Austria"]
[WhiteTeamCountry "AUT"]
[BlackTeamCountry "AUT"]

1. d4 g6 2. e4 Bg7 3. Nc3 d6 4. Be3 a6 5. h4 h5 6. Nf3 b5 7. Ng5 Nh6 8. f3 Bb7 9. Qd2 Nd7 10. 0-0-0 e6 11. Be2 Nb6 12. g4 hxg4 13. fxg4 Qd7 14. d5 0-0-0 15. Rhf1 b4 16. Nb1 exd5 17. exd5 Nxd5 18. Bg1 Qe7 19. Bf3 Qe5 20. c3 bxc3 21. bxc3 Nxc3 22. Bxb7+ Kxb7 23. Nxc3 Qxc3+ 24. Qxc3 Bxc3 25. Rd3 Be5 26. Rb3+ Kc6 0-1

[Event "Deizisau Autumn op 16th"]
[Site "Deizisau"]
[Date "2022.10.31"]
[Round "6"]
[White "Krassowizkij, Jaroslaw"]
[Black "Mazur, Stefan"]
[Result "1-0"]
[WhiteElo "2439"]
[BlackElo "2414"]
[PlyCount "93"]
[EventDate "2022.10.29"]
[EventType "swiss"]
[EventRounds "7"]
[EventCountry "GER"]
[SourceTitle "EXT 2024"]
[Source "ChessBase"]
[SourceDate "2023.10.10"]
[SourceVersion "1"]
[SourceVersionDate "2023.10.10"]
[SourceQuality "1"]

1. e4 e5 2. Nf3 Nc6 3. Bc4 Nf6 4. d3 Be7 5. 0-0 0-0 6. Re1 d6 7. a4 Kh8 8. h3 Ng8 9. Nc3 f5 10. Nd5 Bf6 11. b4 Nce7 12. Nxf6 Nxf6 13. d4 d5 14. dxe5 Nxe4 15. Bb3 c6 16. a5 Ng6 17. c4 Be6 18. cxd5 Bxd5 19. Bxd5 cxd5 20. Be3 Qd7 21. Rc1 a6 22. Qd4 Ne7 23. Qb6 Nc6 24. e6 Qxe6 25. Qxb7 Ne5 26. Nxe5 Qxe5 27. Red1 f4 28. Bd4 Qg5 29. h4 Qg6 30. Rc6 Nf6 31. Bxf6 gxf6 32. Rd6 Qg4 33. Qxd5 Qxh4 34. Qf3 Rg8 35. R6d4 Qg5 36. Rxf4 Raf8 37. Rd5 Qh6 38. Rh5 Qg6 39. Rhf5 Rb8 40. g3 Rb5 41. Rxf6 Qb1+ 42. Kg2 Qb2 43. Rf8 Rbg5 44. Rxg8+ Rxg8 45. Qc6 Rg6 46. Qe8+ Rg8 47. Rf8 1-0

[Event "Budapest Vezerkepzo GM 05"]
[Site "Budapest"]
[Date "2022.05.22"]
[Round "6"]
[White "Mazur, Stefan"]
[Black "Dudin, Gleb"]
[Result "1/2-1/2"]
[WhiteElo "2423"]
[BlackElo "2473"]
[PlyCount "78"]
[EventDate "2022.05.18"]
[EventType "tourn"]
[EventRounds "9"]
[EventCountry "HUN"]
[EventCategory "6"]
[SourceTitle "CBM 209 Extra"]
[Source "ChessBase"]
[SourceDate "2022.09.30"]
[SourceVersion "1"]
[SourceVersionDate "2022.09.30"]
[SourceQuality "1"]

1. e4 c5 2. Nf3 Nc6 3. Nc3 e5 4. Bc4 Be7 5. d3 d6 6. a4 Nf6 7. Bg5 Nd7 8. Bxe7 Qxe7 9. Nd5 Qd8 10. Nd2 0-0 11. Nf1 Nf6 12. Nfe3 Nxd5 13. Bxd5 Ne7 14. 0-0 Nxd5 15. Nxd5 Be6 16. Ne3 b6 17. f4 exf4 18. Rxf4 d5 19. exd5 Bxd5 20. Nxd5 Qxd5 21. Qf3 Qd7 22. a5 Rae8 23. axb6 axb6 24. b4 g6 25. bxc5 bxc5 26. Qf2 Re5 27. Rc4 Rfe8 28. Rf1 Rf5 29. Rf4 Rxf4 30. Qxf4 Re2 31. Rf2 Re1+ 32. Rf1 Qe7 33. h3 Re2 34. Rf2 Re1+ 35. Rf1 Kg7 36. Rxe1 Qxe1+ 37. Kh2 Qc3 38. Qf2 h5 39. h4 Qe5+ 1/2-1/2

[Event "Budapest Vezerkepzo GM 05"]
[Site "Budapest"]
[Date "2022.05.20"]
[Round "3"]
[White "Mazur, Stefan"]
[Black "Turzo, Attila"]
[Result "1/2-1/2"]
[WhiteElo "2423"]
[BlackElo "2338"]
[PlyCount "135"]
[EventDate "2022.05.18"]
[EventType "tourn"]
[EventRounds "9"]
[EventCountry "HUN"]
[EventCategory "6"]
[SourceTitle "CBM 209 Extra"]
[Source "ChessBase"]
[SourceDate "2022.09.30"]
[SourceVersion "1"]
[SourceVersionDate "2022.09.30"]
[SourceQuality "1"]

1. e4 c5 2. Nf3 Nc6 3. d4 cxd4 4. Nxd4 Nf6 5. Nc3 d6 6. Nxc6 bxc6 7. e5 Nd7 8. exd6 exd6 9. Bf4 Nf6 10. Bd3 Be7 11. 0-0 0-0 12. Ne2 d5 13. c4 Be6 14. Nd4 Qd7 15. Nxe6 fxe6 16. Qe2 Bd6 17. Be5 Rae8 18. Rae1 Qc7 19. f4 g6 20. g3 Bxe5 21. Qxe5 Qxe5 22. Rxe5 Nd7 23. Re2 Nb6 24. Rc1 Re7 25. cxd5 cxd5 26. Rc6 Kf7 27. Kf2 Rc8 28. Rec2 Rxc6 29. Rxc6 e5 30. fxe5 Rxe5 31. b3 Re6 32. Rc5 Re7 33. Rc6 Re6 34. Rc7+ Re7 35. Rxe7+ Kxe7 36. Ke3 Ke6 37. Kf4 Kf6 38. h4 Nd7 39. g4 Nc5 40. g5+ Ke6 41. Be2 Kd6 42. Bg4 Nd3+ 43. Ke3 Nc1 44. h5 Nxa2 45. Bf5 gxh5 46. Kf4 Nc1 47. Bxh7 Nxb3 48. g6 Nc5 49. Bg8 Ke7 50. Kg5 Ne4+ 51. Kf5 Nf6 52. Be6 d4 53. g7 h4 54. g8Q Nxg8 55. Bxg8 h3 56. Kf4 Kd6 57. Kg3 d3 58. Kxh3 Kc5 59. Kg3 d2 60. Bb3 Kb4 61. Bd1 Kc3 62. Kf3 Kd3 63. Kf2 a5 64. Kf3 Kc4 65. Ke3 Kc3 66. Ke2 a4 67. Bxa4 d1Q+ 68. Bxd1 1/2-1/2

[Event "SVK-chT1E 2122"]
[Site "Slovakia"]
[Date "2022.05.14"]
[Round "10.1"]
[White "Stevik, Patrik1111"]
[Black "Mazur, Stefan"]
[Result "1/2-1/2"]
[WhiteElo "2266"]
[BlackElo "2423"]
[PlyCount "104"]
[EventDate "2022.01.29"]
[EventType "team-tourn"]
[EventRounds "11"]
[EventCountry "SVK"]
[SourceTitle "EXT 2023"]
[Source "ChessBase"]
[SourceDate "2022.10.05"]
[SourceVersion "1"]
[SourceVersionDate "2022.10.05"]
[SourceQuality "1"]
[WhiteTeam "Banska Bystrica Junior"]
[BlackTeam "Michalovce Zemplin"]
[WhiteTeamCountry "SVK"]
[BlackTeamCountry "SVK"]

1. Nf3 d5 2. d4 c5 3. dxc5 Nc6 4. e4 dxe4 5. Qxd8+ Nxd8 6. Ne5 Nf6 7. Nc3 a6 8. Nc4 Nc6 9. Bf4 e5 10. Nxe5 Nh5 11. Nxc6 Nxf4 12. Ne5 Bf5 13. g3 Ng6 14. Nxg6 Bxg6 15. Bg2 0-0-0 16. 0-0 f5 17. b4 Be7 18. Rad1 Bh5 19. Rxd8+ Rxd8 20. Bh3 g6 21. Nxe4 Kc7 22. Nd6 Bxd6 23. cxd6+ Rxd6 24. f3 Rd4 25. c3 Rc4 26. Kg2 Kd6 27. Re1 Rxc3 28. g4 fxg4 29. fxg4 Rc2+ 30. Kg3 Rc3+ 31. Kg2 Rc2+ 32. Kg3 Rc3+ 33. Kh4 g5+ 34. Kxg5 Rxh3 35. gxh5 Rxh2 36. Kh6 b5 37. Re4 Kd5 38. Rg4 Rxa2 39. Kxh7 a5 40. bxa5 Rxa5 41. h6 Kc5 42. Rg5+ Kc4 43. Kh8 Ra1 44. h7 Rh1 45. Kg7 b4 46. Rg6 Rxh7+ 47. Kxh7 b3 48. Rb6 Kc3 49. Kg6 b2 50. Kf5 Kc2 51. Ke4 b1Q 52. Rxb1 Kxb1 1/2-1/2

[Event "Dublin Easter"]
[Site "Dublin"]
[Date "2022.04.16"]
[Round "5"]
[White "Mazur, Stefan"]
[Black "Willow, Jonah B"]
[Result "0-1"]
[WhiteElo "2414"]
[BlackElo "2399"]
[PlyCount "84"]
[EventDate "2022.04.14"]
[EventType "tourn"]
[EventRounds "9"]
[EventCountry "IRL"]
[EventCategory "6"]
[SourceTitle "CBM 207 Extra"]
[Source "ChessBase"]
[SourceDate "2022.05.31"]
[SourceVersion "1"]
[SourceVersionDate "2022.05.31"]
[SourceQuality "1"]

1. e4 e5 2. Nf3 Nc6 3. Bb5 a6 4. Ba4 d6 5. 0-0 Bd7 6. c3 Nge7 7. d4 Ng6 8. Be3 Be7 9. Nbd2 0-0 10. Re1 exd4 11. cxd4 Nb4 12. Bxd7 Qxd7 13. Qb3 d5 14. e5 a5 15. a3 a4 16. Qc3 Nc6 17. Nf1 f6 18. Rad1 fxe5 19. Nxe5 Ncxe5 20. dxe5 c5 21. Ng3 Qc6 22. Qd3 d4 23. Bc1 Rad8 24. Nh5 c4 25. Qh3 d3 26. f4 Rd4 27. Nxg7 Kxg7 28. f5 Bc5 29. Kh1 Rh4 30. f6+ Kg8 31. Qf5 Qd5 32. Bg5 Rd4 33. Re3 d2 34. Bh6 Qxg2+ 35. Kxg2 Nh4+ 36. Kh1 Nxf5 37. Rg1+ Kf7 38. e6+ Ke8 39. Bxf8 Bxf8 40. Re5 d1Q 41. Rxd1 Rxd1+ 42. Kg2 Rd5 0-1

[Event "Dublin Bolger Cup"]
[Site "Dublin"]
[Date "2022.03.26"]
[Round "2"]
[White "Mazur, Stefan"]
[Black "Turner, Matthew"]
[Result "1/2-1/2"]
[WhiteElo "2422"]
[BlackElo "2476"]
[PlyCount "136"]
[EventDate "2022.03.25"]
[EventType "swiss"]
[EventRounds "5"]
[EventCountry "IRL"]
[SourceTitle "CBM 207 Extra"]
[Source "ChessBase"]
[SourceDate "2022.05.31"]
[SourceVersion "1"]
[SourceVersionDate "2022.05.31"]
[SourceQuality "1"]

1. e4 c6 2. d4 d5 3. Nd2 dxe4 4. Nxe4 Nf6 5. Qd3 g6 6. Nf3 Bg7 7. Nxf6+ Bxf6 8. Bh6 Qa5+ 9. c3 Bf5 10. Qe3 Nd7 11. Bc4 Nb6 12. Bb3 Qb5 13. Ne5 Bxe5 14. Qxe5 Qxe5+ 15. dxe5 0-0-0 16. Rd1 Rxd1+ 17. Kxd1 Rd8+ 18. Ke2 Bd3+ 19. Kf3 Bc4 20. Be3 Bd5+ 21. Kg3 Bxb3 22. axb3 Rd3 23. Kf4 Nd7 24. Kg5 Nxe5 25. Bd4 Nd7 26. Kh6 Kd8 27. Kxh7 Ke8 28. Kg7 c5 29. Be3 Rd5 30. g4 Nf8 31. Re1 Ne6+ 32. Kh6 f5 33. Kxg6 fxg4 34. Rg1 Nf8+ 35. Kh6 b6 36. Rxg4 Rd1 37. h4 Ne6 38. Kg6 Rd6 39. h5 Kf8 40. h6 Ng7+ 41. Kg5 Rd5+ 42. Kg6 Rd6+ 43. Kh7 Nh5 44. Bg5 Kf7 45. Rh4 Nf6+ 46. Bxf6 Rxf6 47. f4 Rf5 48. Rg4 Rf6 49. Rg7+ Kf8 50. Rg8+ Kf7 51. Ra8 Rxf4 52. Rxa7 Rf2 53. Rb7 Rf6 54. Rb8 Rd6 55. Rb7 Rf6 56. b4 cxb4 57. cxb4 Rd6 58. b5 Rf6 59. b4 Rd6 60. Rc7 Rf6 61. Rc4 Rd6 62. Rf4+ Rf6 63. Rg4 Rd6 64. Rg7+ Kf8 65. Rg6 Kf7 66. Rxd6 exd6 67. Kh8 d5 68. h7 d4 1/2-1/2